| 000 | 00892nam a2200265 a 4500 | ||
|---|---|---|---|
| 001 | 000835843 | ||
| 003 | AM-YeHGA | ||
| 005 | 20250618073956.0 | ||
| 008 | 990421s1963 fr a b 000 0 fre d | ||
| 040 | _aAM-YeHGA | ||
| 041 | 0 | _afre | |
| 100 | 1 |
_aRacine, Jean, _d1639-1699. |
|
| 245 | 1 | 0 |
_aThéâtre complet / _cRacine ; Preface de Charles Peguy ; Notes de Jose Lupin. |
| 246 | 1 | 3 | _aThéâtre complet de Racine |
| 260 |
_aParis : _bLe Livre de Poche, _c[1963]. |
||
| 300 | _av. | ||
| 440 | 0 |
_aOeuvres de Racine _vT. 1 |
|
| 440 | 3 |
_aLe livre de poche classique _v1068/1069 |
|
| 505 | 1 |
_gTom. 1 (1963 ;438 p.) : _t[La Thébäide ; Alexandre le Grand ; Andromaque ; Les plaideurs ; Britannicus ; Bérénice] |
|
| 650 | 1 | 4 | _aPlays |
| 650 | 1 | 4 |
_aՖրանսիական գրականություն _94810 |
| 700 | 1 |
_aPeguy, Charles _4aui |
|
| 700 | 1 |
_aLupin, Jose _4aft |
|
| 090 | _c302262 | ||
| 999 |
_c300565 _d300565 |
||